| 000 | 00728cam a2200181 4500 | ||
|---|---|---|---|
| 001 | X107907 | ||
| 008 | 000000n2000 000 0 eng u | ||
| 035 | _a(Sirsi) u107907 | ||
| 245 | _aRahman v Sterling Credit | ||
| 260 | _c2000 | ||
| 490 |
_aNew Property Cases _v[2000] NPC 84 (22/07/00) |
||
| 520 | _aCA 20 July 2000. Provided there are proceedings in being between a creditor and a debtor, the debtor may apply under s139 of the Consumer Credit Act 1974 for the court to re-open the credit agreement between them. HEADNOTE FROM JOURNAL - NOT TO BE PHOTOCOPIED. | ||
| 650 | _aRAHMAN V STERLING CREDIT | ||
| 650 | _aCONSUMER CREDIT ACT 1974 | ||
| 650 | _aDEBT | ||
| 690 | _aPROPERTY AND LAND LAW-CASE LAW | ||
| 942 | _n0 | ||
| 999 |
_c64455 _d64455 |
||